Latex stability. Part. 2. How to achieve correct latex stability balance ? (Record no. 62082)

MARC details
000 -LEADER
fixed length control field 00363nam a2200133Ia 4500
100 ## - MAIN ENTRY--AUTHOR NAME
Personal name Hill D
245 #0 - TITLE STATEMENT
Title Latex stability. Part. 2. How to achieve correct latex stability balance ?
260 ## - PUBLICATION, DISTRIBUTION, ETC. (IMPRINT)
Name of publisher Rubber Asia
Year of publication 2012
300 ## - PHYSICAL DESCRIPTION
Number of Pages 44-46
500 ## - GENERAL NOTE
General note Source Year: 2012
650 ## - SUBJECT ADDED ENTRY--TOPICAL TERM
Topical Term Latex stability
942 ## - ADDED ENTRY ELEMENTS (KOHA)
Koha item type Journals
Holdings
Withdrawn status Lost status Damaged status Not for loan Home library Current library Shelving location Date acquired Serial Enumeration / chronology Koha item type
      Journals RRII Library RRII Library Rubber technology 14/06/2012 Volume 26, Issue 2 Journals